[Event "Los Angeles 1000GM Inv 02"]
[Site "Los Angeles"]
[Date "2023.02.26"]
[Round "9"]
[White "Gasparyan, Davit"]
[Black "Yi, Richard"]
[Result "0-1"]
[WhiteElo "2126"]
[BlackElo "2136"]
[PlyCount "124"]
[EventDate "2023.02.22"]
[EventType "tourn"]
[EventRounds "9"]
[EventCountry "USA"]
[SourceTitle "CBM 213 Extra"]
[Source "ChessBase"]
[SourceDate "2023.05.31"]
[SourceVersion "1"]
[SourceVersionDate "2023.05.31"]
[SourceQuality "1"]

1. f4 Nh6 2. Nf3 d5 3. e3 g6 4. d4 Bg7 5. Bd3 Bf5 6. 0-0 0-0 7. Re1 Nd7 8. c4 e6 9. Nc3 Nf6 10. h3 Bxd3 11. Qxd3 Nf5 12. b3 Ng3 13. Ba3 Re8 14. Qc2 c6 15. Kh2 Nge4 16. Nxe4 Nxe4 17. Nd2 Qa5 18. Nxe4 Qxa3 19. Nd2 c5 20. Nf3 Rac8 21. Rac1 cxd4 22. exd4 Rc7 23. Qd2 Rec8 24. c5 a5 25. Ne5 Qb4 26. Qe3 Bxe5 27. Qxe5 b6 28. f5 exf5 29. a3 Qb5 30. b4 Qd7 31. Qd6 axb4 32. axb4 Qxd6+ 33. cxd6 Rxc1 34. d7 Kf8 35. Rxc1 Rd8 36. Rc6 Rxd7 37. Rxb6 Rc7 38. Rd6 Rc4 39. Rxd5 Rxb4 40. Kg3 Ke7 41. Kf3 Ke6 42. Rd8 Rb3+ 43. Kf4 h6 44. h4 Rd3 45. g4 fxg4 46. Kxg4 h5+ 47. Kf4 Rh3 48. Kg5 Rg3+ 49. Kh6 Rg4 50. d5+ Ke7 51. Ra8 Rxh4 52. Ra7+ Kf6 53. Ra1 Ke5 54. Rd1 Kd6 55. Rf1 Kxd5 56. Rxf7 Rg4 57. Re7 h4 58. Kg7 h3 59. Kf6 h2 60. Rh7 Rg2 61. Rh4 g5 62. Rh5 Ke4 0-1

[Event "Titled Tuesday intern op 06th Dec Late"]
[Site "Chess.com INT"]
[Date "2022.12.06"]
[Round "2"]
[White "Yi, Richard"]
[Black "Zeman, Matyas"]
[Result "1-0"]
[WhiteElo "2138"]
[BlackElo "2309"]
[PlyCount "173"]
[EventDate "2022.12.06"]
[EventType "swiss (blitz)"]
[EventRounds "11"]
[EventCountry "USA"]
[SourceTitle "CBM 211 Extra"]
[Source "ChessBase"]
[SourceDate "2023.01.31"]
[SourceVersion "1"]
[SourceVersionDate "2023.01.31"]
[SourceQuality "1"]

1. d4 Nf6 2. c4 e6 3. Nc3 d5 4. Nf3 c6 5. e3 Nbd7 6. Qc2 Bd6 7. Be2 0-0 8. 0-0 b6 9. e4 dxe4 10. Nxe4 Nxe4 11. Qxe4 Bb7 12. Bd3 Nf6 13. Qe2 c5 14. dxc5 Bxc5 15. b3 Qc7 16. Bb2 Ng4 17. Bxh7+ Kh8 18. Be4 Bxe4 19. Qxe4 f5 20. Qxe6 Rae8 21. Qg6 Re2 22. Qh5+ Kg8 23. Bd4 Re6 24. Bxc5 Rh6 25. Qxh6 Nxh6 26. Bxf8 Kxf8 27. Rad1 Nf7 28. Rd5 g6 29. Rfd1 Qe7 30. Nd4 Qe4 31. Nf3 g5 32. R5d4 Qc2 33. R4d2 Qe4 34. Re1 Qc6 35. Nd4 Qf6 36. Ne6+ Kg8 37. g3 g4 38. Rd7 Ne5 39. Rd8+ Kh7 40. Nf8+ Kh6 41. Re8 Nf3+ 42. Kf1 Nxe1 43. Re6 Qxe6 44. Nxe6 Nf3 45. Kg2 Kg6 46. Nf8+ Kf7 47. Nd7 Ke6 48. Nb8 Ne1+ 49. Kf1 Nd3 50. Ke2 Nc1+ 51. Kd2 Nxa2 52. Nc6 a5 53. Kc2 f4 54. gxf4 Kf5 55. Kd3 Kxf4 56. Ke2 Nc3+ 57. Kf1 Ne4 58. Ke1 Kf3 59. Ne7 Nxf2 60. Nd5 Nd3+ 61. Kd2 Nc5 62. Kc3 Kg2 63. Ne3+ Kf3 64. Nd5 Ne4+ 65. Kd4 Nd2 66. Kc3 Ne4+ 67. Kc2 Kg2 68. Nxb6 Kxh2 69. Nd5 g3 70. Nf4 Nc5 71. Kb2 Kg1 72. Kc3 Kf2 73. Nh3+ Kf3 74. b4 Ne4+ 75. Kb3 Nd2+ 76. Kc3 Ne4+ 77. Kb3 Kg4 78. Ng1 g2 79. bxa5 Kg3 80. a6 Kf2 81. a7 Nd2+ 82. Kc2 Kxg1 83. a8Q Nf3 84. Qxf3 Kh2 85. Qe3 Kh1 86. Qf2 g1Q 87. Qxg1+ 1-0

[Event "Titled Tuesday intern op 29th Nov Late"]
[Site "Chess.com INT"]
[Date "2022.11.29"]
[Round "3"]
[White "Yi, Richard"]
[Black "Forgacs, Attila Jr"]
[Result "1-0"]
[WhiteElo "2138"]
[BlackElo "2286"]
[PlyCount "67"]
[EventDate "2022.11.29"]
[EventType "swiss (blitz)"]
[EventRounds "11"]
[EventCountry "USA"]
[SourceTitle "EXT 2024"]
[Source "ChessBase"]
[SourceDate "2023.10.10"]
[SourceVersion "1"]
[SourceVersionDate "2023.10.10"]
[SourceQuality "1"]

1. d4 Nf6 2. c4 g6 3. Nc3 Bg7 4. e4 0-0 5. f3 d6 6. Bg5 c5 7. d5 h6 8. Be3 e6 9. Qd2 Kh7 10. Nge2 exd5 11. cxd5 a6 12. a4 Nbd7 13. Nc1 Ne5 14. h3 Bd7 15. f4 Re8 16. fxe5 Rxe5 17. Bd3 c4 18. Bc2 Nxe4 19. Nxe4 Rxe4 20. Bxe4 Qh4+ 21. Qf2 Qxe4 22. 0-0 c3 23. bxc3 Bxc3 24. Ra3 Bg7 25. Qxf7 Bxa4 26. Rf4 Be8 27. Qxg7+ Kxg7 28. Rxe4 Bb5 29. Bd4+ Kh7 30. Re7+ Kg8 31. Rg3 g5 32. Rf3 Rc8 33. Rg7+ Kh8 34. Rc7+ 1-0

[Event "Titled Tuesday intern op 29th Nov Late"]
[Site "Chess.com INT"]
[Date "2022.11.29"]
[Round "1"]
[White "Yi, Richard"]
[Black "Todev, Simeon"]
[Result "1-0"]
[WhiteElo "2138"]
[BlackElo "2038"]
[PlyCount "59"]
[EventDate "2022.11.29"]
[EventType "swiss (blitz)"]
[EventRounds "11"]
[EventCountry "USA"]
[SourceTitle "EXT 2024"]
[Source "ChessBase"]
[SourceDate "2023.10.10"]
[SourceVersion "1"]
[SourceVersionDate "2023.10.10"]
[SourceQuality "1"]

1. e4 c5 2. Nf3 Nc6 3. d4 cxd4 4. Nxd4 e5 5. Nb5 a6 6. Nd6+ Bxd6 7. Qxd6 Qf6 8. Qc7 Nge7 9. Nc3 0-0 10. Be3 Qe6 11. 0-0-0 b5 12. Rd6 Qg4 13. h3 Qh5 14. Be2 Qg6 15. Rxg6 hxg6 16. Nd5 Nxd5 17. exd5 Nd4 18. Qxe5 Nxe2+ 19. Kd2 d6 20. Qxd6 Bf5 21. Kxe2 Rad8 22. Qxa6 Rxd5 23. Rd1 Re5 24. Qd6 Rfe8 25. Rd5 Re4 26. Rxb5 R8e6 27. Rb8+ Kh7 28. Qd8 g5 29. Qh8+ Kg6 30. g4 1-0

[Event "Titled Tuesday intern op 08th Nov Late"]
[Site "Chess.com INT"]
[Date "2022.11.08"]
[Round "3"]
[White "Faizrakhmanov, Ramil"]
[Black "Yi, Richard"]
[Result "1-0"]
[WhiteElo "2469"]
[BlackElo "2138"]
[PlyCount "47"]
[EventDate "2022.11.08"]
[EventType "swiss (blitz)"]
[EventRounds "11"]
[EventCountry "USA"]
[SourceTitle "EXT 2024"]
[Source "ChessBase"]
[SourceDate "2023.10.10"]
[SourceVersion "1"]
[SourceVersionDate "2023.10.10"]
[SourceQuality "1"]

1. d4 d5 2. c4 c6 3. Nc3 Nf6 4. e3 e6 5. Nf3 Nbd7 6. Be2 Bd6 7. 0-0 0-0 8. b3 Qe7 9. Bb2 b6 10. Qc2 Bb7 11. Rfe1 c5 12. cxd5 Nxd5 13. Nxd5 Bxd5 14. e4 Bb7 15. d5 e5 16. Nd2 g6 17. a4 a6 18. Nc4 Rae8 19. Bg4 Nf6 20. Bh3 Qc7 21. f4 Nh5 22. fxe5 Bxe5 23. Bxe5 Qd8 24. Bd6 1-0

[Event "Titled Tuesday intern op 08th Nov Late"]
[Site "Chess.com INT"]
[Date "2022.11.08"]
[Round "1"]
[White "Svane, Rasmus"]
[Black "Yi, Richard"]
[Result "1-0"]
[WhiteElo "2619"]
[BlackElo "2138"]
[PlyCount "79"]
[EventDate "2022.11.08"]
[EventType "swiss (blitz)"]
[EventRounds "11"]
[EventCountry "USA"]
[SourceTitle "EXT 2024"]
[Source "ChessBase"]
[SourceDate "2023.10.10"]
[SourceVersion "1"]
[SourceVersionDate "2023.10.10"]
[SourceQuality "1"]

1. Nf3 Nf6 2. g3 g6 3. Bg2 Bg7 4. 0-0 0-0 5. d4 d6 6. Re1 Nc6 7. d5 Ne5 8. Nxe5 dxe5 9. c4 Rb8 10. Nc3 e6 11. e4 Qe7 12. Be3 b6 13. Rc1 Rd8 14. Qa4 a5 15. h3 Bd7 16. Qc2 Ra8 17. Red1 a4 18. Nb5 Ne8 19. Nxc7 Rab8 20. c5 bxc5 21. Bxc5 Qf6 22. dxe6 Bxe6 23. Nd5 Bxd5 24. Rxd5 Rxd5 25. exd5 Nd6 26. Qxa4 Rxb2 27. Qc6 Bf8 28. a4 Qg5 29. Be3 Qd8 30. Qc7 Qe8 31. a5 Nf5 32. Bb6 Nd4 33. Re1 Qb5 34. Rxe5 Qd3 35. Re1 Qd2 36. Rf1 Ne2+ 37. Kh2 Qb4 38. Qe5 Bd6 39. Qf6 Nf4 40. Bd4 1-0

[Event "Titled Tuesday intern op 01st Nov Late"]
[Site "Chess.com INT"]
[Date "2022.11.01"]
[Round "3"]
[White "D'Arruda, Ricardo D"]
[Black "Yi, Richard"]
[Result "1-0"]
[WhiteElo "2271"]
[BlackElo "2138"]
[PlyCount "75"]
[EventDate "2022.11.01"]
[EventType "swiss (blitz)"]
[EventRounds "11"]
[EventCountry "USA"]
[SourceTitle "EXT 2024"]
[Source "ChessBase"]
[SourceDate "2023.10.10"]
[SourceVersion "1"]
[SourceVersionDate "2023.10.10"]
[SourceQuality "1"]

1. d4 d5 2. Nf3 Nf6 3. c4 c6 4. e3 e6 5. Nc3 Nbd7 6. Bd3 Bd6 7. 0-0 0-0 8. e4 e5 9. cxd5 cxd5 10. Nxd5 exd4 11. Nxd4 Nxd5 12. exd5 Nb6 13. Nf5 Bxf5 14. Bxf5 Nxd5 15. g3 Be7 16. Be4 Nb4 17. Bxb7 Rb8 18. Be4 Qxd1 19. Rxd1 Bf6 20. a3 Na6 21. Rb1 Nc5 22. Bc2 Nb3 23. Be3 a5 24. a4 Rfc8 25. Bf5 Rc6 26. Bd7 Rc2 27. Bb5 h5 28. Rd3 Nc5 29. Rd2 Rxd2 30. Bxd2 Nb3 31. Be3 Rc8 32. Rd1 Rc2 33. Rd5 h4 34. gxh4 Bxh4 35. Bd3 Rxb2 36. Rb5 Bf6 37. Rb8+ Bd8 38. Rxd8# 1-0

[Event "Titled Tuesday intern op 25th Oct Late"]
[Site "Chess.com INT"]
[Date "2022.10.25"]
[Round "2"]
[White "Yi, Richard"]
[Black "Banusz, Tamas"]
[Result "0-1"]
[WhiteElo "2138"]
[BlackElo "2622"]
[PlyCount "90"]
[EventDate "2022.10.25"]
[EventType "swiss (blitz)"]
[EventRounds "11"]
[EventCountry "USA"]
[SourceTitle "EXT 2024"]
[Source "ChessBase"]
[SourceDate "2023.10.10"]
[SourceVersion "1"]
[SourceVersionDate "2023.10.10"]
[SourceQuality "1"]

1. e4 e5 2. Nf3 Nc6 3. Bc4 Bc5 4. c3 Nf6 5. d3 d6 6. 0-0 a5 7. Nbd2 h6 8. Re1 0-0 9. Nf1 Be6 10. Bb5 Ba7 11. Ng3 Ne7 12. d4 Ng6 13. h3 c6 14. Bd3 Re8 15. a4 Qc7 16. Be3 Rad8 17. Qc2 Qb8 18. Rad1 Nh7 19. Nh5 Nhf8 20. Qd2 Kh7 21. Nh2 Qc8 22. Qe2 Qc7 23. Qf3 Qe7 24. Ng4 Bxg4 25. hxg4 Ne6 26. Qh3 Kg8 27. g3 exd4 28. Bc1 dxc3 29. bxc3 d5 30. e5 Ng5 31. Bxg5 Qxg5 32. Bxg6 fxg6 33. Nf4 Rxe5 34. Rxe5 Qxe5 35. Nxg6 Qe2 36. Rf1 Re8 37. Qh5 Qf3 38. Nf4 Bxf2+ 39. Kh2 Bxg3+ 40. Kg1 Bf2+ 41. Kh2 Qxf4+ 42. Kg2 Qe4+ 43. Kxf2 Rf8+ 44. Kg1 Qe3+ 45. Kg2 Qe2+ 0-1

[Event "Titled Tuesday intern op 25th Oct Late"]
[Site "Chess.com INT"]
[Date "2022.10.25"]
[Round "1"]
[White "Yi, Richard"]
[Black "Luxama, Jacques Muller"]
[Result "1-0"]
[WhiteElo "2138"]
[BlackElo "1933"]
[PlyCount "79"]
[EventDate "2022.10.25"]
[EventType "swiss (blitz)"]
[EventRounds "11"]
[EventCountry "USA"]
[SourceTitle "EXT 2024"]
[Source "ChessBase"]
[SourceDate "2023.10.10"]
[SourceVersion "1"]
[SourceVersionDate "2023.10.10"]
[SourceQuality "1"]

1. e4 c5 2. Nf3 d6 3. Bb5+ Bd7 4. c4 a6 5. Ba4 Nc6 6. 0-0 Nf6 7. Nc3 e6 8. d4 cxd4 9. Nxd4 Be7 10. Be3 0-0 11. h3 Ne5 12. Bxd7 Qxd7 13. b3 Rac8 14. Rc1 d5 15. exd5 exd5 16. cxd5 Nxd5 17. Nxd5 Qxd5 18. Nf5 Qe6 19. Rxc8 Rxc8 20. Nxe7+ Qxe7 21. Bf4 Ng6 22. Be3 h6 23. Qd5 Rc6 24. Rd1 Qe6 25. Qxe6 Rxe6 26. Rd7 b5 27. Ra7 Ne5 28. g4 h5 29. gxh5 Nf3+ 30. Kg2 Ne1+ 31. Kg3 Nc2 32. Bf4 Nb4 33. a4 bxa4 34. bxa4 f6 35. Rd7 Kh7 36. Rd6 Rxd6 37. Bxd6 Kh6 38. Bxb4 Kxh5 39. f4 g5 40. f5 1-0

[Event "Titled Tuesday intern op 18th Oct Late"]
[Site "Chess.com INT"]
[Date "2022.10.18"]
[Round "6"]
[White "Bluebaum, Matthias"]
[Black "Yi, Richard"]
[Result "1-0"]
[WhiteElo "2647"]
[BlackElo "2138"]
[PlyCount "51"]
[EventDate "2022.10.18"]
[EventType "swiss (blitz)"]
[EventRounds "11"]
[EventCountry "USA"]
[SourceTitle "EXT 2024"]
[Source "ChessBase"]
[SourceDate "2023.10.10"]
[SourceVersion "1"]
[SourceVersionDate "2023.10.10"]
[SourceQuality "1"]

1. d4 Nf6 2. c4 g6 3. Nc3 d5 4. cxd5 Nxd5 5. e4 Nxc3 6. bxc3 Bg7 7. Nf3 c5 8. Bb5+ Bd7 9. Be2 0-0 10. 0-0 cxd4 11. cxd4 Bg4 12. Rb1 Bxf3 13. Bxf3 Qxd4 14. Rxb7 Nc6 15. Be3 Qxd1 16. Rxd1 Rab8 17. Rc7 Rfc8 18. Rxc8+ Rxc8 19. Rc1 e5 20. Bg4 Rc7 21. h4 h5 22. Be2 Nd4 23. Rxc7 Nxe2+ 24. Kf1 Nd4 25. Bxd4 exd4 26. Rxa7 1-0

[Event "Titled Tuesday intern op 18th Oct Late"]
[Site "Chess.com INT"]
[Date "2022.10.18"]
[Round "7"]
[White "Can, Melih Kaan"]
[Black "Yi, Richard"]
[Result "1-0"]
[WhiteElo "2093"]
[BlackElo "2138"]
[PlyCount "73"]
[EventDate "2022.10.18"]
[EventType "swiss (blitz)"]
[EventRounds "11"]
[EventCountry "USA"]
[SourceTitle "EXT 2024"]
[Source "ChessBase"]
[SourceDate "2023.10.10"]
[SourceVersion "1"]
[SourceVersionDate "2023.10.10"]
[SourceQuality "1"]

1. e4 e5 2. Nf3 Nc6 3. Bb5 a6 4. Ba4 Nf6 5. d4 b5 6. dxe5 Nxe4 7. Bb3 Nc5 8. Bd5 Bb7 9. 0-0 Be7 10. Nc3 0-0 11. Bf4 Ne6 12. Bg3 Rb8 13. Re1 h6 14. Qd2 Re8 15. Rad1 Qc8 16. a3 Nf8 17. Ne4 Nd8 18. h3 c6 19. Bb3 c5 20. Bd5 Bxd5 21. Qxd5 Nfe6 22. Bh4 Bxh4 23. Nxh4 Qc7 24. Nd6 Rf8 25. Nhf5 Nc6 26. Qf3 Ncd4 27. Qg3 Nxf5 28. Nxf5 Kh8 29. Rd6 Rb6 30. Rxe6 g6 31. Rxb6 Qxb6 32. Nxh6 b4 33. Ng4 Kg7 34. Qf4 bxa3 35. bxa3 Re8 36. Qh6+ Kg8 37. Nf6+ 1-0

[Event "Titled Tuesday intern op 18th Oct Late"]
[Site "Chess.com INT"]
[Date "2022.10.18"]
[Round "4"]
[White "Yi, Richard"]
[Black "Erdogdu, Mert"]
[Result "0-1"]
[WhiteElo "2138"]
[BlackElo "2413"]
[PlyCount "64"]
[EventDate "2022.10.18"]
[EventType "swiss (blitz)"]
[EventRounds "11"]
[EventCountry "USA"]
[SourceTitle "EXT 2024"]
[Source "ChessBase"]
[SourceDate "2023.10.10"]
[SourceVersion "1"]
[SourceVersionDate "2023.10.10"]
[SourceQuality "1"]

1. c4 e6 2. Nf3 d5 3. d4 c5 4. cxd5 exd5 5. g3 Nf6 6. Bg2 Nc6 7. 0-0 Be7 8. dxc5 Bxc5 9. a3 Ne4 10. b4 Bb6 11. Nfd2 f5 12. Bb2 0-0 13. Nc3 Nxc3 14. Bxc3 d4 15. Bb2 Be6 16. b5 Na5 17. Nf3 Nb3 18. Rb1 Qd7 19. Qd3 Rad8 20. Ne5 Qc7 21. Nf3 Bc4 22. Qd1 Rfe8 23. Re1 Ba5 24. Rf1 Rxe2 25. Bxd4 Nxd4 26. Nxd4 Rd2 27. b6 axb6 28. Nb5 Bxb5 29. Qb3+ Bc4 30. Rfc1 b5 31. Qf3 Bb6 32. Qxf5 Rxf2 0-1

[Event "Titled Tuesday intern op 11th Oct Late"]
[Site "Chess.com INT"]
[Date "2022.10.11"]
[Round "2"]
[White "Girel, Joseph"]
[Black "Yi, Richard"]
[Result "1-0"]
[WhiteElo "2381"]
[BlackElo "2138"]
[PlyCount "71"]
[EventDate "2022.10.11"]
[EventType "swiss (blitz)"]
[EventRounds "11"]
[EventCountry "USA"]
[SourceTitle "EXT 2024"]
[Source "ChessBase"]
[SourceDate "2023.10.10"]
[SourceVersion "1"]
[SourceVersionDate "2023.10.10"]
[SourceQuality "1"]

1. e4 e5 2. Nf3 Nc6 3. Bc4 Bc5 4. c3 Nf6 5. d4 exd4 6. b4 Bb6 7. e5 d5 8. exf6 dxc4 9. Qe2+ Be6 10. b5 Na5 11. fxg7 Rg8 12. Bg5 Qd5 13. Bf6 d3 14. Qe5 c6 15. Nbd2 cxb5 16. Ne4 Nc6 17. Qf4 Bc5 18. Bh4 Be7 19. Bxe7 Kxe7 20. Qh4+ f6 21. Nxf6 d2+ 22. Nxd2 Qxg2 23. Nxg8+ Kf7 24. Nh6+ Ke8 25. Qe4 Qxe4+ 26. Nxe4 Ke7 27. Rg1 Ne5 28. 0-0-0 Ng6 29. Ng5 Bg8 30. h4 a5 31. Rge1+ Kf6 32. Rd7 Ne5 33. Rd6+ Kxg7 34. Rxe5 b4 35. Re7+ Kh8 36. Rdd7 1-0

[Event "Titled Tuesday intern op 20th Sep Late"]
[Site "Chess.com INT"]
[Date "2022.09.20"]
[Round "1"]
[White "Yi, Richard"]
[Black "Livaic, Leon"]
[Result "0-1"]
[WhiteElo "2138"]
[BlackElo "2565"]
[PlyCount "72"]
[EventDate "2022.09.20"]
[EventType "swiss (blitz)"]
[EventRounds "11"]
[EventCountry "USA"]
[SourceTitle "EXT 2023"]
[Source "ChessBase"]
[SourceDate "2022.10.05"]
[SourceVersion "1"]
[SourceVersionDate "2022.10.05"]
[SourceQuality "1"]

1. Nf3 Nf6 2. c4 b6 3. d4 e6 4. a3 Bb7 5. Nc3 Ne4 6. Qc2 Nxc3 7. Qxc3 Be7 8. g3 a5 9. Bd2 0-0 10. Bg2 a4 11. 0-0 d6 12. Rac1 Nd7 13. Ne1 Bxg2 14. Nxg2 e5 15. e3 Bf6 16. Qd3 Re8 17. Bc3 g6 18. Rfd1 Qe7 19. Bb4 exd4 20. exd4 Qe2 21. Rc2 Qxd3 22. Rxd3 Rad8 23. Ne3 c5 24. Bc3 Kg7 25. Kg2 Nb8 26. Nd5 Bxd4 27. Bxd4+ cxd4 28. Nxb6 Nc6 29. Nxa4 Re4 30. c5 Ne5 31. Rdd2 d3 32. Rc3 Rxa4 33. c6 Rc8 34. c7 Rc4 35. Rb3 R8xc7 36. f4 Rc2 0-1

[Event "Titled Tuesday intern op 13th Sep Late"]
[Site "Chess.com INT"]
[Date "2022.09.13"]
[Round "3"]
[White "Martin Barcelo, Carles"]
[Black "Yi, Richard"]
[Result "1-0"]
[WhiteElo "2211"]
[BlackElo "2138"]
[PlyCount "131"]
[EventDate "2022.09.13"]
[EventType "swiss (blitz)"]
[EventRounds "11"]
[EventCountry "USA"]
[SourceTitle "EXT 2023"]
[Source "ChessBase"]
[SourceDate "2022.10.05"]
[SourceVersion "1"]
[SourceVersionDate "2022.10.05"]
[SourceQuality "1"]

1. e4 e5 2. Nc3 Nf6 3. g3 Bb4 4. Bg2 0-0 5. Nge2 c6 6. d4 exd4 7. Qxd4 Na6 8. 0-0 Bc5 9. Qd3 Nb4 10. Qd1 Re8 11. a3 Na6 12. Bf4 Nc7 13. Bd6 Bxd6 14. Qxd6 Re6 15. Qd3 b6 16. Rfd1 Ba6 17. Qd4 Bxe2 18. Nxe2 d5 19. Nf4 Re8 20. exd5 cxd5 21. Nxd5 Ncxd5 22. Bxd5 Rc8 23. c3 Nxd5 24. Qxd5 Qxd5 25. Rxd5 Re2 26. Rb1 g6 27. Kf1 Rc2 28. Rd7 Re8 29. Re1 Rxe1+ 30. Kxe1 Rxb2 31. Rxa7 Rb3 32. Kd2 Rb2+ 33. Ke3 Kg7 34. Ra6 h5 35. h4 Kf6 36. c4 Kf5 37. a4 Rb3+ 38. Ke2 Kg4 39. a5 Rb2+ 40. Ke3 Rb3+ 41. Ke4 bxa5 42. Rxa5 Rb2 43. Ke3 Rb3+ 44. Ke2 Rb2+ 45. Kf1 Kf3 46. Ra3+ Ke4 47. Re3+ Kd4 48. Re7 f5 49. Re6 Rc2 50. Rxg6 Ke4 51. Re6+ Kf3 52. Re3+ Kg4 53. Kg2 Rd2 54. Re6 f4 55. Re4 Kf5 56. Rxf4+ Ke5 57. Rf3 Rc2 58. Rf4 Rc3 59. Kh3 Rc2 60. g4 Rc3+ 61. Kg2 hxg4 62. Rxg4 Kf5 63. Rg3 Kf4 64. Rxc3 Kg4 65. c5 Kxh4 66. c6 1-0

[Event "Titled Tuesday intern op 06th Sep Late"]
[Site "Chess.com INT"]
[Date "2022.09.06"]
[Round "1"]
[White "Kamsky, Gata"]
[Black "Yi, Richard"]
[Result "1-0"]
[WhiteElo "2666"]
[BlackElo "2138"]
[PlyCount "93"]
[EventDate "2022.09.06"]
[EventType "swiss (blitz)"]
[EventRounds "11"]
[EventCountry "USA"]
[SourceTitle "EXT 2023"]
[Source "ChessBase"]
[SourceDate "2022.10.05"]
[SourceVersion "1"]
[SourceVersionDate "2022.10.05"]
[SourceQuality "1"]

1. e4 e5 2. Nf3 Nc6 3. Bb5 Nf6 4. 0-0 Nxe4 5. d4 Nd6 6. Bxc6 dxc6 7. dxe5 Nf5 8. Qxd8+ Kxd8 9. Rd1+ Ke8 10. Nc3 Be7 11. h3 Be6 12. g4 Nh4 13. Nxh4 Bxh4 14. Bf4 Be7 15. Kg2 Rd8 16. f3 h6 17. Ne2 Bc5 18. Bg3 g5 19. Bf2 Bf8 20. Nd4 Bg7 21. Nxe6 fxe6 22. Rxd8+ Kxd8 23. Rd1+ Kc8 24. Bg3 Rf8 25. Kf2 c5 26. b3 b6 27. Ke3 Rf7 28. f4 c4 29. bxc4 Kb7 30. Ke4 gxf4 31. Bxf4 Kc6 32. Be3 Bf8 33. h4 Rh7 34. Rf1 Be7 35. h5 Rg7 36. Rg1 Bg5 37. Bxg5 Rxg5 38. Kf4 Kc5 39. Rd1 Rg7 40. Rd8 Rf7+ 41. Kg3 Rh7 42. Re8 Kxc4 43. Rxe6 Kc3 44. Rc6+ Kd4 45. e6 Ke5 46. e7 Rxe7 47. Rxh6 1-0

[Event "Pan American Intercollegiate-chT"]
[Site "Dulles"]
[Date "2022.01.08"]
[Round "5.2"]
[White "Antova, Gabriela"]
[Black "Yi, Richard"]
[Result "1-0"]
[WhiteElo "2287"]
[BlackElo "2130"]
[PlyCount "66"]
[EventDate "2022.01.06"]
[EventType "team-swiss"]
[EventRounds "6"]
[EventCountry "USA"]
[SourceTitle "EXT 2023"]
[Source "ChessBase"]
[SourceDate "2022.10.05"]
[SourceVersion "1"]
[SourceVersionDate "2022.10.05"]
[SourceQuality "1"]
[WhiteTeam "St Louis Univ II"]
[BlackTeam "San Diego Univ"]
[WhiteTeamCountry "USA"]
[BlackTeamCountry "USA"]

1. d4 Nf6 2. c4 e6 3. Nf3 b6 4. g3 Ba6 5. Nbd2 Bb7 6. Bg2 c5 7. e4 cxd4 8. 0-0 d6 9. Nxd4 a6 10. Re1 Qc7 11. a4 Be7 12. a5 Nbd7 13. axb6 Nxb6 14. b3 0-0 15. Bb2 Rfc8 16. Qe2 e5 17. Nf5 Bf8 18. Ne3 g6 19. Rec1 Rcb8 20. b4 Nbd7 21. Nd5 Qd8 22. Bc3 Bh6 23. Rc2 Nxd5 24. exd5 Bxd2 25. Qxd2 Rc8 26. Bb2 f6 27. Ra5 Qb6 28. Ba3 e4 29. c5 Qc7 30. c6 Ne5 31. Bxe4 f5 32. Bg2 Rab8 33. Bb2 Qe7 1-0

[Event "Titled Tuesday intern op 14th Dec"]
[Site "Chess.com INT"]
[Date "2021.12.14"]
[Round "1"]
[White "Yi, Richard"]
[Black "Myradow, Soltan"]
[Result "1-0"]
[WhiteElo "2130"]
[BlackElo "2233"]
[PlyCount "67"]
[EventDate "2021.12.14"]
[EventType "swiss (blitz)"]
[EventRounds "11"]
[EventCountry "USA"]
[SourceTitle "EXT 2023"]
[Source "ChessBase"]
[SourceDate "2022.10.05"]
[SourceVersion "1"]
[SourceVersionDate "2022.10.05"]
[SourceQuality "1"]

1. d4 Nf6 2. c4 e6 3. Nc3 Bb4 4. Qc2 c5 5. dxc5 Qc7 6. Nf3 0-0 7. Bg5 Bxc3+ 8. Qxc3 Ne4 9. Qd3 Nxc5 10. Qd4 f6 11. Be3 b6 12. g3 Nc6 13. Qd2 Bb7 14. Bg2 Ne5 15. b3 Ne4 16. Qb2 Ng5 17. Bxg5 Nxf3+ 18. exf3 fxg5 19. 0-0 Bxf3 20. Qd2 Bxg2 21. Kxg2 h6 22. Rad1 Rad8 23. Qd3 d5 24. Qg6 Qc6 25. cxd5 Rxd5 26. Kg1 Rf6 27. Qe4 Qd7 28. Rc1 Rd2 29. a4 Rf8 30. Rc3 Kh8 31. Re3 e5 32. Qxe5 Qc6 33. Rc3 Qd7 34. Rc7 1-0

[Event "Titled Tuesday intern op 14th Dec"]
[Site "Chess.com INT"]
[Date "2021.12.14"]
[Round "4"]
[White "Yi, Richard"]
[Black "Shvedova, Alexandra"]
[Result "1/2-1/2"]
[WhiteElo "2130"]
[BlackElo "2065"]
[PlyCount "216"]
[EventDate "2021.12.14"]
[EventType "swiss (blitz)"]
[EventRounds "11"]
[EventCountry "USA"]
[SourceTitle "EXT 2023"]
[Source "ChessBase"]
[SourceDate "2022.10.05"]
[SourceVersion "1"]
[SourceVersionDate "2022.10.05"]
[SourceQuality "1"]

1. d4 d5 2. c4 e6 3. Nf3 Nf6 4. g3 dxc4 5. Bg2 Nc6 6. 0-0 Rb8 7. e3 b5 8. Qe2 Bb7 9. b3 cxb3 10. axb3 a6 11. Bb2 Be7 12. Rc1 0-0 13. Ne5 Nxe5 14. Bxb7 Rxb7 15. dxe5 Nd5 16. Rxa6 c5 17. Nd2 Nb4 18. Raa1 Nd3 19. Rc2 Nxb2 20. Rxb2 Qd5 21. f4 Rd8 22. Ra5 Qd7 23. Ne4 Qc6 24. Nc3 b4 25. Na4 Rbd7 26. e4 Rd4 27. Rc2 Rxe4 28. Qf1 Red4 29. Rc1 Rd2 30. Nxc5 Qd5 31. Rb5 Qd4+ 32. Kh1 Qb2 33. Ne4 Rxh2+ 34. Kg1 Rc2 35. Re1 Qxb3 36. Rb1 Rb2 37. Re1 h6 38. Nf2 Qxg3+ 39. Qg2 Qxg2+ 40. Kxg2 Rdd2 41. Rf1 b3 42. Kf3 Rdc2 43. Rb7 Rc3+ 44. Kg4 Bc5 45. Ne4 Rc4 46. Nd6 Bxd6 47. exd6 Rd4 48. d7 Rbd2 49. Rb8+ Kh7 50. Rxb3 Rxd7 51. Rbf3 f6 52. Kg3 R2d3 53. Re1 Rxf3+ 54. Kxf3 Rd6 55. Re2 Kg6 56. Rg2+ Kf5 57. Rxg7 e5 58. fxe5 fxe5 59. Rf7+ Ke6 60. Rh7 Kd5 61. Ke3 Rf6 62. Rh8 Ke6 63. Re8+ Kf5 64. Rh8 Kg5 65. Ke4 h5 66. Rg8+ Kh4 67. Kxe5 Rf1 68. Ke4 Kh3 69. Ke3 h4 70. Ke2 Rf7 71. Rh8 Kh2 72. Rxh4+ Kg3 73. Rd4 Re7+ 74. Kd3 Kf3 75. Rd8 Kf4 76. Rf8+ Ke5 77. Rf3 Ke6 78. Ke2 Kd6+ 79. Kf2 Kd7 80. Rd3+ Ke6 81. Rf3 Kd6 82. Rb3 Ke6 83. Ke3 Kd6+ 84. Kd2 Ke6 85. Kd3 Kd6 86. Kd4 Ke6 87. Rb6+ Kf5 88. Rb1 Rd7+ 89. Kc5 Re7 90. Rf1+ Ke6 91. Re1+ Kf6 92. Rf1+ Ke6 93. Re1+ Kf6 94. Rd1 Re6 95. Kd5 Re5+ 96. Kd6 Re6+ 97. Kd5 Re5+ 98. Kd4 Re6 99. Rf1+ Ke7 100. Kd5 Rd6+ 101. Kc5 Re6 102. Rh1 Re5+ 103. Kd4 Re6 104. Rh7+ Kd6 105. Ra7 Re7 106. Ra6+ Kd7 107. Ra7+ Ke6 108. Rxe7+ Kxe7 1/2-1/2